| 000 | 01507cam a2200205 4500500 | ||
|---|---|---|---|
| 005 | 20260419004429.0 | ||
| 041 | _afre | ||
| 042 | _adc | ||
| 100 | 1 | 0 |
_aFaleni, Geneviève _eauthor |
| 700 | 1 | 0 |
_aGorog, Jean-Jacques _eauthor |
| 700 | 1 | 0 |
_aMosconi, Muriel _eauthor |
| 700 | 1 | 0 |
_aSchoch, Christian _eauthor |
| 245 | 0 | 0 | _aSommaire des numéros antérieurs |
| 260 | _c2026. | ||
| 500 | _a43 | ||
| 520 | _aCet article s’inscrit dans la tradition de la Revue des Collèges de Clinique psychanalytique du Champ lacanien d’étude des références d’un texte de Freud ou de Lacan. Le proton pseudos freudien trouve ses sources chez Aristote et il correspond à un moment fondateur de l’élaboration de Freud sur le trauma. Ce texte porte en germe des développements conceptuels majeurs de Freud et de Lacan. | ||
| 520 | _aThis article is inscribed in the tradition of the « Revue des Collèges de Clinique psychanalytique du Champ lacanien » of studying references from a text by Freud or Lacan. The Freudian proton pseudos finds its sources in Aristotle and corresponds to a founding moment in Freud’s elaboration of trauma. This text bears the seeds of major conceptual developments by Freud and Lacan. | ||
| 786 | 0 | _nRevue des Collèges de Clinique psychanalytique du Champ Lacanien | 25 | 1 | 2026-03-25 | p. 253-277 | 2101-6429 | |
| 856 | 4 | 1 | _uhttps://shs.cairn.info/revue-revue-des-colleges-de-clinique-psychanalytique-du-champ-lacanien-2026-1-page-253?lang=fr&redirect-ssocas=7080 |
| 999 |
_c2215449 _d2215449 |
||